Sports Quiz

Random Sports or MLB Quiz

Any MLB Team besides the Angels Quiz Stats

 Plays Quiz not verified by Sporcle

Challenge
Share
Tweet
Embed
Score 0/19 Timer 02:00
0 Plays Today
answer % Correct
Los Angeles Dodgers
97.8%
Oakland Athletics
97.8%
Oakland Athletics
97.8%
San Diego Padres
89.4%
San Francisco Giants
88.8%
Boston Red Sox
76.5%
Chicago White Sox
76%
New York Yankees
75.4%
Tampa Bay Rays
74.9%
Tampa Bay Rays
74.9%
answer % Correct
Houston Astros
73.2%
Toronto Blue Jays
73.2%
Houston Astros
73.2%
Kansas City Royals
67%
Atlanta Braves
65.4%
Seattle Mariners
62%
Texas Rangers
59.8%
Arizona Diamondbacks
49.7%
Milwaukee Brewers
37.4%

You're not logged in!

Compare scores with friends on all Sporcle quizzes.
Join for Free
OR
Log In

You Might Also Like...

Show Comments

Extras

Top Quizzes Today


Score Distribution

Your Account Isn't Verified!

In order to create a playlist on Sporcle, you need to verify the email address you used during registration. Go to your Sporcle Settings to finish the process.

Report this User

Report this user for behavior that violates our Community Guidelines.

Details: